| 000 | 01197cam a2200301 a 4500 | ||
|---|---|---|---|
| 001 | 16096842 | ||
| 003 | OSt | ||
| 005 | 20170105102902.0 | ||
| 008 | 100218s2010 enk b 001 0 eng | ||
| 010 | _a 2010007266 | ||
| 020 | _a9780415581011 (hardback : alk. paper) | ||
| 020 | _a9780415581028 (pbk : alk. paper) | ||
| 020 | _a9780203845110 (ebook) | ||
| 040 |
_aDLC _cDLC _dDLC |
||
| 050 | 0 | 0 |
_aJZ1242 _b.K73 2010 |
| 082 | 0 | 0 |
_a327.1 _222 _bKRA 2010 |
| 100 | 1 | _aKratochwil, Friedrich V. | |
| 245 | 1 | 4 |
_aThe puzzles of politics : _binquiries into the genesis and transformation of international relations / _cFriedrich Kratochwil. |
| 260 |
_aMilton Park, Abingdon, Oxon, [England] ; _aNew York : _bRoutledge, _cc2010. |
||
| 300 |
_a288 p. ; _c24 cm. |
||
| 490 | 0 | _aThe new international relations | |
| 504 | _aIncludes bibliographical references and index. | ||
| 650 | 0 | _aInternational relations. | |
| 856 | 4 | 2 |
_3Contributor biographical information _uhttp://www.loc.gov/catdir/enhancements/fy1009/2010007266-b.html |
| 906 |
_a7 _bcbc _corignew _d1 _eecip _f20 _gy-gencatlg |
||
| 942 |
_2ddc _cBK |
||
| 999 |
_c14681 _d14681 |
||